Nommez un créateur de contenu (YouTube / Twitch) francophone de A à Z - Statistiques

Statistiques générales
  • Ce quiz a été pris 231 fois
    113 depuis la dernière actualisation
  • Le résultat moyen est 12 sur 24
Statistiques - réponses
Lettres Créateurs de contenu (ou collectifs) francophones ayant plus d'1 million d'abonnés sur YouTube et/ou Twitch % Correct
A Achille Magic | Adam Le Rigolow | Adel et Sami | Adem&Bilal | Adri Geek | Agentgb | AidenShow | AkramJunior Daily | Aleks | Alexandre Calvez | Aline Dessine | AlloCiné | Amelina Kiss | AmineMaTue | Amixem | Anas | Anas170QI | AntoineDaniel | Anyme023 | Anyme TV | AstronoGeek | Ayoub | Aypierre | Aziatomik
97%
M Madame Récré FR | Mademoiselle Sabina | Mafiastunting | Maghla | Mahdi Ba | Maile Akln | Major Mouvement | Mamytwink | Maskey | Mastu | Math | Mathieu Sommet | Maxence | Maxime Biaggi | Mayamystic | McFly et Carlito | McSkyz | Michou | MichouOff | Mickalow | Micode | Misha et Alex | Mislicious Play | MissouMakeup | Miss Queen | Mister V | Mohamed Henni | Morgan VS | MrBboy45 | MrLEV12'Life | Multicort
87%
S Samuel Étienne | Sam Zirah | Sananas | Sandrea | Sarah Lezito | Sardoche | ScienceEtonnante | Scoot2Street | ScreaM | Seb | Seinhor9 | Shayvise | Shera | Sheshounet | Simon Puech | Siphano | Sissy Mua | Skyrroz | Skyyart | So Andy | Sofyan | Sophie Fantasy | Sora | Souen | SouKa | Squeezie | StanRP | Star Freestyle | Studio Bagel | Studio Bubble Tea | Studio Danielle | Sulivan Gwed | Sundy Jules | Swan & Néo | Sylvain Lyve | Sympa
87%
C Carl is cooking | Caroline | Capitaine Kirk | Cauet | Charles & Mélanie | Chocoh | Coach YoMax | Cocottee_ | CodFamilya _ | Colas Bim | CrazyBomb World | Cyprien | CYRILmp4 | Cyril Schreiner | CYRILstudio
77%
I IbraPlus | IbraTV | Inoxtag | Inoxtag 2.0 | iProMx | Ivan Bede
69%
J Jamy - Epicurieux | Jeanfils | Jeremstar | Jeremy Nadeau | Jerezalto | Jessy | Jhon Rachid | Jigmé | Jimmy | JLTomy | JohanPapz | Jojo Bernard | Jojol | Joueur_du_Grenier | Joyca | Juju Fitcats | Just Riadh | Juste Zoé | Justt__zizou
68%
L La Ferme Jerome | Lama Faché | LaSalle | L'atelier de Roxane | LeaCoff | Léa Elui | LeBouseuh | LeChefOtaku | Le Grand JD | Le Jimmy Labeeu | Le Média | Le Monde à l'Envers | Lena Situations | Lenna Vivas | Léonard | Leo Succulent | Léo - TechMaker | Le Règlement | Le Roi des Rats | Les Bons Profs | Les Inachevés | Les Kassos | Les Parodie Bros | Les Tutos | Le Tatou | L'étoile Noire | Le Woop | Linca | Links The Sun | LisaBpro | Locklear | Lolywood | Lonni | Louis-San | Lucas Studio | Ludovik | Lufy & Enzo | LufyMakes YouUp
66%
N Nabil 'Aiekillu' Lahrech | Naha | Nanass 2.0 | Nasdas_off | Nassim Sahili | Natmor Shorts | Natoo | Natop Shorts | Néo The One | Neoxi | Newtiteuf | NexTaz | Nicocapone | Ninjaxx | Nino MssClick | Noa | Noemie Makeuptouch | Noholito | Norman | Nota Bene
64%
D Danae | Daniil le Russe | Darko | DavidLafargePokemon | Denyzee | Deo Toons | Des Cuts & Des Zooms | Deujna | Diabolo | DiaZor | Didi | Dimerci TV | DirtyBiology | Djilsi | Doc Jazy | Doc Seven | Doigby | Domingo | Dooms | Dr Nozman
63%
G Gaëlle Garcia Diaz | Galax | GameMixTreize | Garry's School | GMK | Golden Moustache | Gotaga | Greg Guillotin | Guillaume & Kim | Guillaume Genou | Guillaume Pley | Guizzi | Gurky
61%
T Talcado | Tartin | Taupe10 | Teeqzy | TheCheeseNaan | TheDollBeauty | TheFantasio974 | TheFragHD | TheKairi78 | Theodort | Theo Landji | Thierry Vigneau Boiserie | Thoomas | Tibo InShape | Tim | Toinelag | ToMiiX | Tonioo25 | Tonyczh | Topito | Trash | Tristan | Troom Troom FR | TutoDraw | Tuvok12 | TwinneR
60%
K Kamet0 | Kebou | Kemar | Kenny | Kevin Tran | Kilira Cooper | Koco | Kryptoo | KuDuRoO
54%
Z ZeratoR | ZetFar | ZRKGlitcher
45%
P Palmashow | PATLAREA | Pidi | Pierre Croce | Pog | Poisson Fécond | Pokémon Trash | Polo | Potatoz | Power Jumper | Prime | PRINCE
43%
E E-dison | Emma Paris | Emy LTR | EnjoyPhoenix | E-penser 2.0 | Etoiles | ExperimentBoy
41%
F FabienOlicard | Fahd El | Farod | FarsAttack | FastGoodCuisine | Feldup | Fr33ZeR | Frag Pro Shooter Official | Français avec Pierre | Frigiel | Furious Jumper | Fuze III
41%
B Bapt&Gael | Batzair | Bazar du Grenier | Benjamin Verrecchia | Benoît Chevalier | Benoît - Diablox9 | BFA | Bigorneaux & Coquillages | Bilal Hassani | BlackBird | Blitzstream Facile | Bob Lennon | Bodytime | Booshra | BriceBBrice | ByIlhann | BySankah Officiel
40%
H H5 Motivation | Hassan | Henry Tran | Horia | HugoDécrypte | Hugoposé | Hugo Tout Seul
38%
W Wankil Studio | Wartek | Wass Freestyle | Wiloo
34%
R RaïssaGloria | RebeuDeter | Redkill | Rémi Gaillard | Remi Ragnar | Romain Dot Live | Roman Doduik | Romy | Roro Le Costaud | Rose Moony
33%
V Valouzz | Vilebrequin | Vinsky | Vlad | VLOG
33%
O Océane | Ophenya | Opoxo | Oxilac
15%
U Unchained | Unwin
9%
Y YanissaXoxo | Yann-Cj23 | Yvan Monka
8%
Aucun quiz correspondant
Distribution des résultats
% des personnes avec chaque résultat
Percentile par nombre de réponses
Votre historique - résultats
Vous n’avez pas pris ce quiz depuis la dernière actualisation